000
00291nam a2200121Ia 4500
008
190216s9999||||xx |||||||||||||| ||und||
100
_a
Ravindra Nath Taigor
245
0
_a
Hindi - Bhai - Bhai
260
_b
Sarvodya Sahithya Samasthan
_c
2001
300
_a
90
650
_a
Hindi
942
_c
BK
999
_c
16100
_d
16100